00395nam a22001217a 4500003000900000005001700009008004100026040003300067080001600100245007800116260005900194300002000253LK-CoDNM20240806111818.0240806b |||||||| |||| 00| 0 eng d aLK-CoDNMdLK-CoDNMeLK-CoDNM bGP1950st-04 aAlphabetical and numerical lists of the villages in the northern province aColombobDepartment of the census and statisticsc1950 bv, 66p. ; 32 cm